| 000 | 00399nam a2200145 a 4500 | ||
|---|---|---|---|
| 001 | 3410 | ||
| 003 | CDMR | ||
| 005 | 20130116135244.0 | ||
| 008 | 130130s2003||||||||||||||||||||||||||||d | ||
| 040 |
_aCDMR _bcat _cCPC GIRONA |
||
| 100 | 1 |
_aValls, Alfons _92454 |
|
| 245 | 1 | 0 |
_aSeguretat i socorrisme a la muntanya _cValls, Alfons , Subirats, Enric |
| 260 |
_c2003 _bInstitut dEstudis Ceretans |
||
| 942 | _cMON | ||
| 999 |
_c3410 _d3410 |
||